| 000 | 00847nam a22002177a 4500 | ||
|---|---|---|---|
| 999 |
_c11765 _d11765 |
||
| 003 | AR-CdUCM | ||
| 008 | 190404b ||||| |||| 00| 0 spa d | ||
| 020 | _a84-206-2278-7 | ||
| 040 |
_aMUNICIPALIDAD PROVINCIAL DEL CUSCO _cBIBLIOTECA MUNICIPAL DEL CUSCO |
||
| 082 |
_aES / 909 / _bJ25 |
||
| 100 |
_aJaspers, Karl _929283 |
||
| 245 | _aOrigen y meta de la historia / | ||
| 260 |
_aMadrid : _bAlianza editorial, _c1980. |
||
| 300 |
_a224 paginas _c20 cm. |
||
| 440 |
_aAlianza universidad _929284 |
||
| 505 | _aContenido :La estructura de la historia universal -- Esquema de la historia universal -- Lo absolutamente nuevo: ciencia y técnica -- La pregunta por el futuro -- El sentido de la historia ... | ||
| 650 |
_aHistoria universal _91423 |
||
| 700 |
_aVela, Fernando (versión española) _929285 |
||
| 942 |
_2ddc _cLIBROS |
||
| 945 | _arum | ||